00676 2200253 4500001002100000005001500021035002000036007000300056008004100059020002200100082001000122084001600132100001800148245007300166250001000239260004700249300002300296650002400319700001400343700001200357504003100369990001100400990001100411INLIS00000000000350620190528094650 a0010-0519000097ta190528 g 0 ind  a978-602-7996-55-7 a153.8 a153.8 KEE r0 aKEEN, Achroni1 aRecharge Your Spirit /cKeen Achroni; penyunting, Tristanti, Swaesti acet.1 aYogyakarta :bTrans Idea Publishing,c2017 a258 hlm. ;c21 cm. 4aPSIKOLOGI. MOTIVASI0 aTRISTANTI0 aSWAESTI aBibliografi : hlm. 256-258 a6635 a a6635 b